00397nam a2200145Ia 4500008004100000040001900041041001200060082002800072100001900100245004900119260002400168300001900192504001900211850002100230131103s9999 xx 000 0 und d aLoreto College aEnglish a891.43/OJHbLCBED/10483 aOjha, Dasarath aHindi natakbudvab aur bikas cDasarath Ojha aDelhibRajpalc1984 a415p. c 20cm. aIncludes index aLCBED/891.43/OJH